000 00676nam a2200253Ia 4500
001 3558
005 20240113233635.0
007 ta
008 050526s1966 a g b000 u hin u
040 _aCotton College,Assam
041 _ahin
082 _a891.431
_bN 629 P
100 _aNirala, Suryakant Tripathi.
110 _^"
_aTripathi""Nirala"" .
_bSuryakant"
245 0 _aParimal /
_cSuryakant Tripathi Nirala.
_hTextual Documents
250 _a10th ed. /
260 _aLucknow :
_bGanga Pustakmala ,
_c1966.
300 _bill. ;
_c18 cm .
653 _aHindi poetry
653 _aGen-Hindi
942 _2ddc
_cBK
999 _c3546
_d3546